00813nam a2200193Ia 4500008004100000020001500041041001200056082001600068100002100084245008400105260003400189300000800223650001600231700001900247942000700266999001500273952017000288952016100458221030s9999 xx 000 0 und d a8185814273 aEnglish a105.23bSam aT. G. Sambanthan 0aInteractive Computer Graphics Aided Designcby T. G. Sambanthan, N. Subramanian bWheeler Pub.aNew Delhic1994 a166 aBE Computer aN. Subramanian cBK c2529d2529 pBE 1483g155.00l0o105.23 Samr2024-06-13 00:00:00w2022-10-30yBK003Print4070aMIETLIBbMIETLIBcBL-Academic Bock C, FL-2, CUP-37, SH-1, R-1d2000-05-0610HBE pBE 1482g155.00l0o105.23 Samr2024-06-13 00:00:00w2022-10-30yBK003Print4071aMIETLIBbMIETLIBcBL-Second, FL-1, CUP-54, SH-5, R-5d2000-05-0610HBE